[Event "TUR Cup"]
[Site "Antalya"]
[Date "2020.02.01"]
[Round "10"]
[White "Unal, Yusuf Evcim"]
[Black "Canbulan, Arda"]
[Result "0-1"]
[WhiteElo "1680"]
[BlackElo "1840"]
[PlyCount "82"]
[EventDate "2020.01.26"]
[EventType "swiss"]
[EventRounds "11"]
[EventCountry "TUR"]
[SourceTitle "CBM 194 Extra"]
[Source "ChessBase"]
[SourceDate "2020.03.31"]
[SourceVersion "1"]
[SourceVersionDate "2020.03.31"]
[SourceQuality "1"]

1. d4 Nf6 2. Bf4 c5 3. e3 Qb6 4. Nc3 a6 5. dxc5 Qxc5 6. Qd4 e6 7. 0-0-0 Nc6 8. Qxc5 Bxc5 9. Na4 Ba7 10. Bd6 b5 11. Nc3 b4 12. Nce2 Ne4 13. Bg3 d5 14. Nf3 Bb8 15. Nfd4 Nxd4 16. Rxd4 Bxg3 17. Nxg3 Nxf2 18. Rg1 h5 19. h4 a5 20. Bb5+ Ke7 21. Rf1 Ng4 22. e4 e5 23. Rxd5 Ne3 24. Nf5+ Bxf5 25. Rxf5 Nxd5 26. Rxe5+ Kf6 27. Rxd5 g6 28. Rd3 Ke5 29. Bc6 Rad8 30. Rf3 Rd6 31. Bb5 Rf6 32. Rxf6 Kxf6 33. Kd2 Ke5 34. Ke3 f6 35. a4 g5 36. hxg5 fxg5 37. c4 h4 38. Bd7 Rd8 39. Bf5 Rd1 40. c5 Rc1 41. Bd7 Rxc5 0-1

[Event "TUR Cup"]
[Site "Antalya"]
[Date "2020.01.29"]
[Round "5"]
[White "Arslan, Tayfun"]
[Black "Unal, Yusuf Evcim"]
[Result "1/2-1/2"]
[WhiteElo "1462"]
[BlackElo "1680"]
[PlyCount "106"]
[EventDate "2020.01.26"]
[EventType "swiss"]
[EventRounds "11"]
[EventCountry "TUR"]
[SourceTitle "CBM 194 Extra"]
[Source "ChessBase"]
[SourceDate "2020.03.31"]
[SourceVersion "1"]
[SourceVersionDate "2020.03.31"]
[SourceQuality "1"]

1. e4 c5 2. Nf3 Nc6 3. d4 cxd4 4. Nxd4 Nf6 5. Nc3 g6 6. Be2 Bg7 7. Be3 0-0 8. Qd2 d5 9. exd5 Nxd5 10. Nxd5 Nxd4 11. Bxd4 Qxd5 12. Bxg7 Qxd2+ 13. Kxd2 Kxg7 14. Rad1 Bf5 15. Kc1 Rac8 16. Bd3 Be6 17. b3 Rc5 18. Kb2 Rg5 19. Be4 b6 20. Rd4 Rc8 21. Rhd1 Rgc5 22. c4 b5 23. cxb5 Rxb5 24. Rc1 Rxc1 25. Kxc1 f5 26. Bf3 Re5 27. Kd2 Ra5 28. Ra4 Rxa4 29. bxa4 Bxa2 30. Kc3 e5 31. Kb4 e4 32. Be2 Bb1 33. Kc3 Kf6 34. Kd4 h6 35. h4 g5 36. hxg5+ hxg5 37. g3 Ke6 38. a5 Kd6 39. Bh5 Kc6 40. Be8+ Kd6 41. Bg6 Bc2 42. Bh5 Bd3 43. Bg6 Bb1 44. Bh5 Bc2 45. Bg6 Bb1 46. Bh7 Kc6 47. Ke5 Kb5 48. Bxf5 Kxa5 49. Bxe4 Bxe4 50. Kxe4 Kb5 51. f4 gxf4 52. gxf4 a5 53. f5 Kc6 1/2-1/2

[Event "TUR-chT 2nd League"]
[Site "Konya"]
[Date "2019.07.23"]
[Round "3.14"]
[White "Yanikoglu, Omer"]
[Black "Unal, Yusuf Evcim"]
[Result "1-0"]
[WhiteElo "1665"]
[BlackElo "1652"]
[PlyCount "84"]
[EventDate "2019.07.22"]
[EventType "team-swiss"]
[EventRounds "9"]
[EventCountry "TUR"]
[SourceTitle "CBM 191 Extra"]
[Source "ChessBase"]
[SourceDate "2019.09.30"]
[SourceVersion "1"]
[SourceVersionDate "2019.09.30"]
[SourceQuality "1"]
[WhiteTeam "Gulbahcesi Egitim"]
[BlackTeam "Altin Hamle Corum"]
[WhiteTeamCountry "TUR"]
[BlackTeamCountry "TUR"]

1. Nf3 c5 2. b3 Nf6 3. Bb2 g6 4. e3 Bg7 5. d4 b6 6. Nbd2 0-0 7. Bd3 Ba6 8. c4 d5 9. Ne5 Nfd7 10. 0-0 Nxe5 11. dxe5 Nc6 12. f4 Nb4 13. Be2 dxc4 14. Bxc4 Bxc4 15. Nxc4 Qxd1 16. Rfxd1 Rfd8 17. g3 Nc6 18. Bc3 Kf8 19. Kf2 Ke8 20. Kf3 Rxd1 21. Rxd1 Rd8 22. Rxd8+ Kxd8 23. a4 Kd7 24. e6+ Kxe6 25. Bxg7 f6 26. g4 Kf7 27. Bh6 Nd8 28. h4 Kg8 29. f5 gxf5 30. gxf5 Nc6 31. Bf4 Nb4 32. e4 Nc2 33. Nd2 Nd4+ 34. Kg4 e5 35. fxe6 Nxe6 36. e5 Kf7 37. exf6 Kxf6 38. Ne4+ Kg7 39. Be5+ Kh6 40. h5 Ng7 41. Ng3 a6 42. Bf6 Nxh5 1-0

[Event "TUR-chT 2nd League"]
[Site "Konya"]
[Date "2018.07.19"]
[Round "6.8"]
[White "Kangal, Mehmet"]
[Black "Unal, Yusuf Evcim"]
[Result "0-1"]
[WhiteElo "1471"]
[BlackElo "1682"]
[PlyCount "106"]
[EventDate "2018.07.16"]
[EventType "team-swiss"]
[EventRounds "9"]
[EventCountry "TUR"]
[SourceTitle "EXT 2019"]
[Source "ChessBase"]
[SourceDate "2018.10.10"]
[SourceVersion "1"]
[SourceVersionDate "2018.10.10"]
[SourceQuality "1"]
[WhiteTeam "Calli Spor"]
[BlackTeam "Altin Hamle Corum"]
[WhiteTeamCountry "TUR"]
[BlackTeamCountry "TUR"]

1. e4 c5 2. Nf3 Nc6 3. d4 cxd4 4. Nxd4 g6 5. c4 Bg7 6. Be3 Nf6 7. Nc3 0-0 8. Be2 d6 9. 0-0 Nxd4 10. Bxd4 Bd7 11. f3 Bc6 12. Nd5 Nd7 13. Bxg7 Kxg7 14. Qd4+ f6 15. b4 e5 16. Qe3 a5 17. a3 Bxd5 18. exd5 axb4 19. axb4 Qb6 20. Qxb6 Nxb6 21. Ra5 Rxa5 22. bxa5 Nd7 23. Rb1 Nc5 24. Rb6 Rd8 25. Kf2 Kf7 26. Ke3 Ke7 27. Rb5 Ra8 28. Bd1 Ra7 29. Kd2 Kd7 30. Kc3 Kc7 31. Bc2 Ra6 32. Kb4 b6 33. axb6+ Rxb6 34. g4 Ra6 35. Ra5 Kb7 36. Rb5+ Ka7 37. Ra5 Nb7 38. Rxa6+ Kxa6 39. h4 Kb6 40. h5 gxh5 41. gxh5 h6 42. Bg6 Nc5 43. Bf5 Na6+ 44. Kc3 Kc5 45. Be4 Nc7 46. Bg6 Na8 47. Be8 Nb6 48. Bb5 Nxd5+ 49. Kd3 Nf4+ 50. Ke4 Nxh5 51. Kf5 Ng3+ 52. Kg4 Ne2 53. Ba6 Nd4 0-1

[Event "TUR-chT 2nd League"]
[Site "Konya"]
[Date "2017.07.23"]
[Round "9.11"]
[White "Ozsakallioglu, Okan"]
[Black "Unal, Yusuf Evcim"]
[Result "1-0"]
[WhiteElo "1983"]
[BlackElo "1637"]
[PlyCount "28"]
[EventDate "2017.07.17"]
[EventType "team-swiss"]
[EventRounds "9"]
[EventCountry "TUR"]
[SourceTitle "EXT 2018"]
[Source "ChessBase"]
[SourceDate "2017.10.13"]
[SourceVersion "1"]
[SourceVersionDate "2017.10.13"]
[SourceQuality "1"]
[WhiteTeam "Bolu Koroglu"]
[BlackTeam "Altin Hamle Corum"]
[WhiteTeamCountry "TUR"]
[BlackTeamCountry "TUR"]

1. e4 c5 2. Nc3 Nc6 3. g3 g6 4. Bg2 Bg7 5. Nge2 d6 6. 0-0 Nf6 7. d3 Rb8 8. f4 b5 9. e5 Nxe5 10. fxe5 dxe5 11. Be3 Qd6 12. Ne4 Nxe4 13. dxe4 Qb6 14. b4 0-0 1-0

[Event "Hatay op 7th"]
[Site "Hatay"]
[Date "2016.08.28"]
[Round "2"]
[White "Kadrash, H."]
[Black "Unal, Yusuf Evcim"]
[Result "1/2-1/2"]
[WhiteElo "2111"]
[BlackElo "1643"]
[PlyCount "82"]
[EventDate "2016.08.27"]
[EventType "swiss"]
[EventRounds "9"]
[EventCountry "TUR"]
[SourceTitle "CBM 174 Extra"]
[Source "ChessBase"]
[SourceDate "2016.10.10"]
[SourceVersion "1"]
[SourceVersionDate "2016.10.10"]
[SourceQuality "1"]

1. Nf3 c5 2. c4 Nc6 3. Nc3 g6 4. d4 cxd4 5. Nxd4 Bg7 6. Nc2 Nf6 7. e4 0-0 8. Be2 d6 9. 0-0 Be6 10. Be3 Rc8 11. f3 Ne5 12. b3 Qa5 13. Qd2 Rfe8 14. Rfd1 a6 15. a4 Nfd7 16. Nd4 Nc5 17. Rab1 Ncd7 18. h3 Nc6 19. b4 Nxb4 20. Nd5 Bxd4 21. Bxd4 Nc6 22. Bc3 Qc5+ 23. Kh1 Nce5 24. Bd4 Qc6 25. Qh6 f6 26. a5 Bf7 27. f4 Nxc4 28. Rbc1 Bxd5 29. exd5 Qxd5 30. Rxc4 Rxc4 31. Bxf6 Qxd1+ 32. Bxd1 exf6 33. Bb3 d5 34. Bxc4 dxc4 35. f5 Ne5 36. fxg6 hxg6 37. Qe3 Rc8 38. Qb6 Rc6 39. Qd8+ Kf7 40. Qd5+ Kg7 41. Qd2 Kf7 1/2-1/2

[Event "Manavgat Turkey Cup"]
[Site "Manavgat"]
[Date "2016.02.04"]
[Round "8"]
[White "Unal, Osman"]
[Black "Unal, Yusuf Evcim"]
[Result "1/2-1/2"]
[WhiteElo "1795"]
[BlackElo "1632"]
[PlyCount "56"]
[EventDate "2016.01.30"]
[EventType "swiss"]
[EventRounds "11"]
[EventCountry "TUR"]
[SourceTitle "CBM 170 Extra"]
[Source "ChessBase"]
[SourceDate "2016.02.25"]
[SourceVersion "1"]
[SourceVersionDate "2016.02.25"]
[SourceQuality "1"]

1. e4 e5 2. Nf3 Nc6 3. d4 exd4 4. Nxd4 Nf6 5. Nc3 Bc5 6. Be3 Qe7 7. Nf5 Qf8 8. Nxg7+ Qxg7 9. Bxc5 d6 10. Be3 Be6 11. f3 Nd7 12. Qd2 Nb6 13. Bb5 Nc4 14. Bd4 Nxd2 15. Bxg7 Rg8 16. Bh6 Nc4 17. Nd5 Nxb2 18. Nxc7+ Kd7 19. Nxa8 Rxg2 20. Rb1 Rxc2 21. 0-0 Bxa2 22. Bxc6+ bxc6 23. Ra1 Nd3 24. f4 c5 25. Bg7 Kc6 26. Rf3 c4 27. e5 d5 28. f5 Nc1 1/2-1/2

[Event "Manavgat Turkey Cup"]
[Site "Manavgat"]
[Date "2016.02.01"]
[Round "4"]
[White "Baris, Ali Erkan"]
[Black "Unal, Yusuf Evcim"]
[Result "1/2-1/2"]
[WhiteElo "2032"]
[BlackElo "1632"]
[PlyCount "118"]
[EventDate "2016.01.30"]
[EventType "swiss"]
[EventRounds "11"]
[EventCountry "TUR"]
[SourceTitle "CBM 170 Extra"]
[Source "ChessBase"]
[SourceDate "2016.02.25"]
[SourceVersion "1"]
[SourceVersionDate "2016.02.25"]
[SourceQuality "1"]

1. d4 d5 2. c4 e6 3. Nf3 c5 4. e3 Nc6 5. Nc3 Nf6 6. Be2 Be7 7. 0-0 0-0 8. a3 b6 9. cxd5 exd5 10. Qc2 Bg4 11. Ne5 Bd7 12. Rd1 c4 13. Bf3 Be8 14. b3 b5 15. Nxb5 Nxe5 16. dxe5 Bxb5 17. exf6 Bxf6 18. Rxd5 Qa5 19. b4 Qa4 20. Ra2 Rad8 21. Qxa4 Bxa4 22. Rad2 c3 23. Rxd8 Bxd8 24. Rd5 Bc6 25. Rc5 Bxf3 26. gxf3 Bf6 27. e4 g6 28. e5 Bg7 29. f4 f6 30. Kf1 fxe5 31. fxe5 Rf5 32. Rxc3 Bxe5 33. Rb3 Bd4 34. Be3 Bxe3 35. Rxe3 a5 36. Rb3 axb4 37. axb4 Rb5 38. Ke2 Kf7 39. Kd3 Ke7 40. Kc4 Rb7 41. Kc5 Kd7 42. b5 Kc7 43. b6+ Kb8 44. Rd3 Rf7 45. Kc6 Kc8 46. Rd6 g5 47. Re6 Rf8 48. b7+ Kb8 49. Kb6 g4 50. Rc6 Re8 51. Rc8+ Rxc8 52. bxc8Q+ Kxc8 53. Kc6 Kd8 54. Kd6 Ke8 55. Ke6 h5 56. Kf5 Kf7 57. Kg5 Ke6 58. Kxh5 Kf5 59. Kh4 Kf4 1/2-1/2

[Event "Manavgat Turkey Cup"]
[Site "Manavgat"]
[Date "2016.01.30"]
[Round "1"]
[White "Ozen, Deniz"]
[Black "Unal, Yusuf Evcim"]
[Result "1-0"]
[WhiteElo "2061"]
[BlackElo "1632"]
[PlyCount "153"]
[EventDate "2016.01.30"]
[EventType "swiss"]
[EventRounds "11"]
[EventCountry "TUR"]
[SourceTitle "CBM 170 Extra"]
[Source "ChessBase"]
[SourceDate "2016.02.25"]
[SourceVersion "1"]
[SourceVersionDate "2016.02.25"]
[SourceQuality "1"]

1. e4 c5 2. Nf3 Nc6 3. Bb5 g6 4. Bxc6 dxc6 5. h3 Bg7 6. d3 Nf6 7. Nc3 0-0 8. Bf4 b6 9. Qd2 Bb7 10. 0-0 Qd7 11. Rad1 Rad8 12. a3 Ne8 13. b4 cxb4 14. axb4 c5 15. bxc5 Rc8 16. Be3 bxc5 17. Bh6 Nd6 18. Ra1 a6 19. Bxg7 Kxg7 20. Ne2 Rfd8 21. Ng3 f6 22. Rfb1 Rc7 23. Qe3 e5 24. Nh2 c4 25. Ng4 Nf7 26. dxc4 h5 27. Nh2 h4 28. Ngf1 Rxc4 29. Qb3 Nd6 30. Rd1 Qc7 31. Ne3 Rxe4 32. Rab1 Rd4 33. c3 Rxd1+ 34. Rxd1 Rc8 35. Rxd6 Qxd6 36. Qxb7+ Rc7 37. Qb3 Qd3 38. Qb6 Qxc3 39. Qxa6 Qe1+ 40. Nhf1 Qc1 41. Qa4 g5 42. Nf5+ Kg6 43. N5e3 Qc6 44. Qg4 Qd7 45. Qe4+ Kg7 46. Nf5+ Kf8 47. Qa8+ Rc8 48. Qa3+ Kf7 49. Nd6+ Kg6 50. Nxc8 Qxc8 51. Qd3+ Kh6 52. Ne3 e4 53. Qxe4 Qc1+ 54. Kh2 Qc7+ 55. Kg1 Qc1+ 56. Nf1 Qc7 57. Qf5 Kg7 58. Qb5 Qc1 59. Qb7+ Kg6 60. Qe4+ Kg7 61. Qe7+ Kg6 62. Qf8 Qc7 63. Qg8+ Kh6 64. g4 hxg3 65. Nxg3 Qc1+ 66. Kh2 Qf4 67. Kg2 Qe5 68. Qh8+ Kg6 69. Qh5+ Kg7 70. Qg4 Qd5+ 71. Qe4 Qxe4+ 72. Nxe4 Kg6 73. Kf3 f5 74. Ng3 Kf6 75. Ne2 Ke5 76. Ke3 g4 77. h4 1-0